| 000 | 01161cam a2200337 a 4500 | ||
|---|---|---|---|
| 001 | |||
| 003 | DO-SdBNP | ||
| 005 | 20220701094817.0 | ||
| 007 | |||
| 008 | 020930s2020 dr a 000 1 spa | ||
| 010 | _a | ||
| 020 | _a9789945503708 | ||
| 040 |
_aBPMSU _cspa _bBPMSU |
||
| 082 |
_aRD861.5 _bP925c 2020 _222 |
||
| 111 | 2 |
_aPremio Anual de Poesía Salomé Ureña _d(2019 : _cSanto Domingo ) _n |
|
| 245 | 1 | 4 |
_aCartografía del desamparo : _b (retratos) / _cCésar Sánchez Beras |
| 260 |
_aSanto Domingo : _bMinisterio de Cultura ; _bEditora Nacional _c 2020 |
||
| 300 |
_a128 p. ; _c21 cm. _b |
||
| 490 | 0 | _aPoesía | |
| 500 | _aIncluye datos biográficos del autor en la solapa de la cubierta | ||
| 500 | _aJurado : José Enrique del Monte, Sally Rodríguez y Ramón Peralta Dominguez | ||
| 586 | _aPremio Anual de Poesía Salomé Ureña de Henríquez, 2019 | ||
| 590 | _6Inventariado, 2021/VM | ||
| 650 | 4 |
_aCertámenes literarios _zRepública Dominicana |
|
| 650 | 4 | _aPoesía dominicana | |
| 650 | 4 |
_aLiteratura dominicana _v |
|
| 650 | 4 | _a | |
| 700 | 1 |
_aSánchez Beras, César _d1962- |
|
| 910 | _aVMateo | ||
| 942 |
_2ddc _cBK |
||
| 999 |
_c13481 _d13481 |
||